Мовні контакти і запозичення як чинник формування тематичних груп лексики (Запис № 414227)

МАРК-запис
000 -Лідер
fixed length control field 01219nam a22002537a 4500
003 - Ідентифікатор контрольного номера
control field UA-OsUOA
001 - Контрольний номер
control field 127053
007 - Фіксоване поле фізичного опису
fixed length control field ta
008 - Елементи даних фіксованої довжини – загальна інформація
fixed length control field 20171117b un ||||| |||| 00| 0 ukr d
090 ## - Локальний шифр розміщення
Класифікаційний індекс УДК 811'111'373.613
Авторський знак (НП) Д71
040 ## - Джерело каталогізації
Агенція оригінальної каталогізації UA-OsUOA
Мова каталогізації ukr
Агенція, яка здійснювала перезапис UA-OsUOA
Агенція, яка здійснювала модифікацію UA-OsUOA
041 ## - Код мови
Код мови тексту/ звукової доріжки чи окремого заголовка (П) ukr
080 ## - Індекс Універсальної десяткової класифікації
Індекс Універсальної десяткової класифікації (УДК) (НП) 811'111'373.613
020 ## - Міжнародний стандартний книжковий номер (ISBN)
Міжнародний стандартний книжковий номер (ISBN) (НП) 978-966-00-1600-2
100 ## - Основне введення – ім’я особи
Ім’я особи (НП) Дочу А. Р.
245 ## - Відомості про назву
Назва (НП) Мовні контакти і запозичення як чинник формування тематичних груп лексики
Решта назви (НП) монографія
260 ## - Публікація, розповсюдження і т.п. (Вихідні дані)
Місце публікації, розповсюдження і т.п. (П) К.
Ім’я/ наймення видавництва, розповсюджувача і т.п. (П) Наукова думка
Дата публікації, розповсюдження і т.п. (П) 2017
300 ## - Фізичний опис
Обсяг 207 с.
520 3# - Резюме і т.п.
Резюме, реферат, анотація, тощо (НП) Зміст1 Теоретичні питання вивчення іншомовних впливів наформування тематичних груп лексики2. ТГ орнітонімів давньоанглійського та середньоанглійського періодів3. ТГ орнітонімів новоанглійського періоду
650 #7 - Додаткове предметне введення – тематичний термін
Тематичний термін чи географічна назва, як елемент введення (НП) 8 Мовознавство. Художня література. Літературознавство
Джерело заголовка чи терміна UDC
942 ## - Додаткові елементи входу (Коха)
Тип елемента Koha Книги
955 ## - Код типу видання за змістом
Код типу видання за змістом (НП) Наукові видання
Фонди
Стан вилучень Стан втрат Джерело класифікації або схеми стелажів Стан уражень Не для кредиту Постійне місце розташування Поточне розміщення Дата придбання Джерело придбання Вартість, звичайна ціна покупки Інвентарний номер Усього замовленно Повний номер виклику Штрих-код Дата останнього перегляду Ціна ефективна від Тип елемента Koha
    Universal Decimal Classification     ЧЗ - Читальна зала ЧЗ - Читальна зала 17/11/2017 53/2017 338.00 156943   811'111'373.613 Д71 156943 07/02/2022 17/11/2017 Книги
    Universal Decimal Classification     ЧЗ - Читальна зала ЧЗ - Читальна зала 17/11/2017 53/2017 338.00 156944   811'111'373.613 Д71 156944 07/02/2022 17/11/2017 Книги
    Universal Decimal Classification     ЧЗ - Читальна зала ЧЗ - Читальна зала 27/02/2019 10/2019 338.00 161212   811'111'373.613 Д71 161212 07/02/2022 17/11/2017 Книги